| 000 | 00680nam a2200217 4500 | ||
|---|---|---|---|
| 003 | CO-ViMGA | ||
| 020 | _a9789583033643 | ||
| 040 |
_aCO-ViMGA _bspa _cCO-ViMGA |
||
| 082 | 0 | 4 |
_a158.1 _bB69p |
| 100 | 1 |
_aBoyes, Carolyn. _96033 |
|
| 245 | 1 | 0 |
_aPNL en 5 minutos: _bpractique el pensamiento positivo todos los días/ _cCarolyn Boyes. |
| 260 |
_aColombia: _bPanamericana, _c2014. |
||
| 300 |
_a192 p. : _bil. ; 12 cm. |
||
| 500 | _aIncluye glosario. | ||
| 534 | _tCollins Gem 5 minute NLP. | ||
| 650 | 1 | 4 |
_aProgramación neurolingüistica. _96034 |
| 650 | 1 | 4 |
_aPsicología. _91603 |
| 650 | 1 | 4 |
_aPsicopedagogía. _9751 |
| 700 | 1 |
_aGonzález Lannin, Heliodoro, _etr. _96035 |
|
| 942 | _cBK | ||
| 999 |
_c37432 _d37432 |
||